000 00525nam a2200193 a 4500
001 1773220478588
003 YourLibrary
005 20260311144732.0
008 260311s2010##################000#0#eng##
020 _a9780199550692
082 0 4 _a362.1
_bFRE
100 1 _aFrench, Jeff,
_eauthor.
245 1 0 _aSocial Marketing and Public Health :
260 _bOxford University Press, USA,
_c2010.
300 _a366 pages
650 0 _aBusiness & Economics.
942 _cENGLISH
040 _aYourLibrary
_beng
_cYourLibrary
999 _c617579
_d617579